| 000 | 00920nam a2200229 a 4500 | ||
|---|---|---|---|
| 001 | 1463 | ||
| 003 | BR-CuiBMT | ||
| 005 | 20231211193312.0 | ||
| 008 | 231211s2015 dfb 000 0 por d | ||
| 040 |
_aBR-CuiBMT _cBR-CuiBMT |
||
| 080 |
_22007 _a342.4 _x(81) |
||
| 090 |
_a342.4(81) _bB823c |
||
| 110 | 1 |
_aBrasil _bCongresso Nacional _bSenado Federal |
|
| 245 |
_aConstituição _bda república federativa do Brasil / _cSenado Federal do Brasil. |
||
| 260 |
_aBrasília : _bSenado Federal, _c2015. |
||
| 300 |
_a118 p.: _c26 cm |
||
| 500 | _aTexto constitucional promulgado em 5 de outubro de 1988, com as alterações adotadas pelas emendas constitucionais de revisão nos. 1a 6/94, pelas emendas constitucionais nos. 1/92 a 71/2012 e pelo decreto legislativo no. 186/2008. | ||
| 504 | _aInclui índice. | ||
| 650 |
_aBrasil _xConstituição (1988) |
||
| 650 |
_aDireito constitucional _zBrasil |
||
| 942 |
_2udc _cLV |
||
| 999 |
_c1463 _d1463 |
||